000 00535nam a2200169Ia 4500
005 20250508155914.0
008 008 250505s9999 xx 000 0 eng d
037 _aBooks to be hide in OPAC
040 _aFEDL
_beng
_cFEDL
041 _aeng
_2eng
084 _a377.942, BRI/O
_qFEDL
245 0 _aBritish federation of university women: Annual report 1958-1959
260 _aLondon, UK
_bThe British Federation of University Women Ltd
300 _a52p.
942 _cHB
_h377.942, BRI/O
999 _c1359991
_d1359991